01773nam a22002297a 4500999001500000003000600015005001700021008004100038020001600079020001800095040000800113082001600121100004000137245005700177260005500234300002800289505095300317650003901270942001201309952011101321952011101432 c8547d8547GBCCL20241126110653.0210405b ||||| |||| 00| 0 eng d a0814659330  a9780814659335 cGBC a232.94bMUR aMurphy, Catherine M. d1961-915052 aJohn the Baptist : bprophet of purity for a new age aCollegeville, Minn. : bLiturgical Press, c©2003 axviii, 185 pagesc23cm. aWill the Real Baptist Please Stand Up? -- Reading the Evidence: The Sources for John the Baptist -- The "Game Rules" for Reconstructing History from Ancient Witnesses -- Redaction Criticism: How and Why Authors Shape Their Stories -- The Synoptic Problem in the Account of the Baptism of Jesus -- A Solution to the Synoptic Problem: The Two-Source Hypothesis -- Redaction Criticism -- Baptist Vignettes in the Gospels: A Redaction-Critical Approach -- Fifteen Vignettes -- Some Redaction-Critical Results -- The Historical Baptist -- Another Angle on the Baptist Movement: Social-Scientific Criticism -- Definition, Scope, and Methods -- An Initial Exercise: A Map for Designing a Social-Scientific Inquiry -- An Inductive Exercise: From Text to Hypothesis -- Purification Movements in First-Century C.E. Judea -- A Deductive Exercise: From Model (Purity and Pollution) to Text -- An Inductive Exercise: First-Century Jewish Purification Movements. aJohn, vthe Baptist, Saint.915053 2ddccBK 00102ddc4070aGBCbGBCcTHd2021-04-05l0o232.94 MURp020189r2025-05-01 00:00:00tc.1w2021-04-05yBK 00102ddc4070aGBCbGBCcTHd2023-09-18l0o232.94 MURp020535r2025-05-01 00:00:00tc.2w2023-09-18yBK